书目信息 |
| 题名: |
中国陆路交通能源融合的形态、模式与解决方案
|
|
| 作者: | 贾利民 著 | |
| 分册: | ||
| 出版信息: | 北京 科学出版社 2020 |
|
| 页数: | 41,388页 | |
| 开本: | 24cm | |
| 丛书名: | ||
| 单 册: | ||
| 中图分类: | F542 , F54 | |
| 科图分类: | ||
| 主题词: | 陆路运输--节能--研究报告--中国 | |
| 电子资源: | ||
| ISBN: | 978-7-03-057457-2 | |
| 000 | 01192nam0 2200253 450 | |
| 001 | 2231061290 | |
| 005 | 20220922083814.61 | |
| 010 | @a978-7-03-057457-2@b精装@dCNY368.00 | |
| 100 | @a20210128d2020 em y0chiy50 ea | |
| 101 | 0 | @achi@deng |
| 102 | @aCN@b110000 | |
| 105 | @aa z 000yy | |
| 200 | 1 | @a中国陆路交通能源融合的形态、模式与解决方案@9zhong guo lu lu jiao tong neng yuan rong he de xing tai 、 mo shi yu jie jue fang an@dScenarios, patterns and solutions of ground transportation and energy convergence in China@f贾利民[等]著@zeng |
| 210 | @a北京@c科学出版社@d2020 | |
| 215 | @a41,388页@c图@d24cm | |
| 300 | @a交通能源融合发展战略 | |
| 330 | @a本书由三个部分构成,第一部分为总启,主要概述了中国陆路交通系统资产能源化的潜力;第二部分为上篇,主要涉及公路交通与可再生能源融合发展的形态、模式与解决方案;第三部分为下篇,主要涉及铁路交通与可再生能源融合发展的形态、模式与解决方案。 | |
| 510 | 1 | @aScenarios, patterns and solutions of ground transportation and energy convergence in China@zeng |
| 606 | 0 | @a陆路运输@x节能@x研究报告@y中国 |
| 690 | @aF542@v5 | |
| 690 | @aF54@v4 | |
| 701 | 0 | @a贾利民@9jia li min@4著 |
| 801 | 0 | @aCN@b91MARC@c20210317 |
| 905 | @aZUCC@dF54@e2 | |
| 中国陆路交通能源融合的形态、模式与解决方案=Scenarios, patterns and solutions of ground transportation and energy convergence in China/贾利民[等]著.-北京:科学出版社,2020 |
| 41,388页:图;24cm |
| 交通能源融合发展战略 |
| ISBN 978-7-03-057457-2(精装):CNY368.00 |
| 本书由三个部分构成,第一部分为总启,主要概述了中国陆路交通系统资产能源化的潜力;第二部分为上篇,主要涉及公路交通与可再生能源融合发展的形态、模式与解决方案;第三部分为下篇,主要涉及铁路交通与可再生能源融合发展的形态、模式与解决方案。 |
| ● |
| 相关链接 |
|
|
|
正题名:中国陆路交通能源融合的形态、模式与解决方案
索取号:F54/2
 
预约/预借
| 序号 | 登录号 | 条形码 | 馆藏地/架位号 | 状态 | 备注 |
| 1 | 2000901299 | 2000901299 | 第三书库/ [索取号:F54/2] | 在馆 | |
| 2 | 2000901300 | 2000901300 | 第三书库/ [索取号:F54/2] | 在馆 | |
| 3 | 2000901301 | 2000901301 | 第三书库/ [索取号:F54/2] | 在馆 |